000 00726nam a2200277Ia 4500
001 8162
005 20240113234053.0
007 ta
008 050716s1994 a g b000 u eng u
020 _a81-7041-870-4
040 _aCotton College,Assam
041 _aeng
082 _a910.30
_bHu 95 So
100 _aHusain, Majid .
245 0 _aSocial Geography /
_cMajid Husain.
_hTextual Documents
250 _a1st ed. /
260 _aNew Delhi :
_bAnmol Publications ,
_c1994.
300 _av, 448p. :
_bill ;
_c22cm .
504 _aIndex
653 _aGeography-Social geography
653 _aSocial geography
653 _aPG-Geography
942 _2ddc
_cBK
999 _c8149
_d8149